000 00455nam a22001817a 4500
003 CEME
005 20210628202012.0
008 210209b xxu||||| |||| 00| 0 eng d
020 _a0-534-95222-4
040 _c.
082 _a621.46 ELS
100 _aEl-Sharkawi, Mohamed A
_957821
245 _aFundamentals of electric drives
260 _aCANADA
_bBROOKS-COLE
_c2000
300 _aXII,313P
650 _aELECTRIC DRIVES
_956254
942 _cBK
_2ddc
999 _c568071
_d568071